TV Theme Songs by Two Words Quiz Stats

 Plays Quiz Updated Apr 20, 2016

Score 0/24 Timer 05:00
0 Plays Today
% Correct
Scooby-Doo, Where Are You?
85.1%
Two and a Half Men
84.6%
Cheers
80.4%
Happy Days
75.1%
SpongeBob SquarePants
68.6%
Gilligan's Island
67.8%
That '70s Show
65%
The Big Bang Theory
62.5%
The Brady Bunch
61.7%
The Fresh Prince of Bel-Air
57.7%
The Addams Family
56.8%
Scrubs
52.5%
% Correct
Sesame Street
51.9%
The Sopranos
49.4%
Friends
47.2%
The Jetsons
45.3%
South Park
32.9%
Family Guy
30.9%
WKRP in Cincinnati
29.1%
Diff'rent Strokes
28.7%
The Wonder Years
26.5%
Malcolm in the Middle
25.9%
Pokémon
21.6%
CSI: New York
14.1%

You're not logged in!

Compare scores with friends on all Sporcle quizzes.
OR
Log In

Show Comments

Extras

Top Quizzes Today


Score Distribution

Your Account Isn't Verified!

In order to create a playlist on Sporcle, you need to verify the email address you used during registration. Go to your Sporcle Settings to finish the process.

Report this User

Report this user for behavior that violates our Community Guidelines.

Details: